[Event "10. OSIJEK OPEN"]
[Site "Osijek"]
[Date "2017.02.23"]
[Round "1.1"]
[White "Stocko, Josip"]
[Black "Ljubicic, Ninoslav"]
[Result "1-0"]
[WhiteElo "2348"]
[BlackElo "1821"]
[PlyCount "47"]
[EventDate "2017.02.23"]

1. e4 g6 2. d4 Bg7 3. Nc3 b6 4. Be3 Bb7 5. Bc4 d6 6. Qe2 Qd7 7. O-O-O e6 8. h4
Nf6 9. e5 dxe5 10. dxe5 Nd5 11. Ne4 Qc8 12. Bb5+ Kf8 13. Bg5 Bxe5 14. c4 Bf4+
15. Bxf4 Nxf4 16. Qe3 Bxe4 17. Qxe4 c6 18. Qxf4 cxb5 19. Qf6 Qxc4+ 20. Kb1 Qe4+
21. Ka1 Nd7 22. Qxh8+ Ke7 23. Qd4 Qc6 24. Nf3 1-0

[Event "10. OSIJEK OPEN"]
[Site "Osijek"]
[Date "2017.02.23"]
[Round "1.2"]
[White "Mutapcic, Ilija"]
[Black "Bender, Ivan"]
[Result "0-1"]
[WhiteElo "1817"]
[BlackElo "2240"]
[PlyCount "52"]
[EventDate "2017.02.23"]

1. f4 d5 2. Nf3 c5 3. e3 Nc6 4. b3 Nh6 5. Bb2 f6 6. d3 Nf5 7. Qd2 d4 8. e4 Ne3
9. c3 e5 10. f5 g6 11. g4 Nxg4 12. Rg1 gxf5 13. h3 Ne3 14. exf5 Bxf5 15. Nh4
Be6 16. Bg2 Qd7 17. Qe2 O-O-O 18. Bxc6 Qxc6 19. cxd4 cxd4 20. Na3 Kb8 21. Rc1
Qa6 22. Nc4 Bh6 23. Ra1 Rhg8 24. Rxg8 Rxg8 25. Kf2 Nxc4 26. bxc4 Be3+ 0-1

[Event "10. OSIJEK OPEN"]
[Site "Osijek"]
[Date "2017.02.23"]
[Round "1.3"]
[White "Ljikar, Zoran"]
[Black "Mrgan, Franjo"]
[Result "1-0"]
[WhiteElo "2212"]
[BlackElo "1805"]
[PlyCount "55"]
[EventDate "2017.02.23"]

1. e4 Nf6 2. e5 Nd5 3. d4 d6 4. Nf3 Bg4 5. Be2 e6 6. O-O Be7 7. h3 Bh5 8. Re1
O-O 9. c4 Nb6 10. exd6 cxd6 11. Nc3 Nc6 12. b3 Bf6 13. Be3 Bg6 14. Rc1 Rc8 15.
Qd2 d5 16. c5 Nd7 17. Nb5 e5 18. dxe5 Ndxe5 19. Nd6 Rc7 20. Nxe5 Bxe5 21. Qxd5
Bxd6 22. cxd6 Rd7 23. Red1 Re8 24. Bg4 Re5 25. Qd2 f5 26. Bf3 Bf7 27. Bf4 Qa5
28. Bxe5 1-0

[Event "10. OSIJEK OPEN"]
[Site "Osijek"]
[Date "2017.02.23"]
[Round "1.4"]
[White "Ristanic, Petar"]
[Black "Babic, Radoslav"]
[Result "0-1"]
[WhiteElo "1787"]
[BlackElo "2212"]
[PlyCount "46"]
[EventDate "2017.02.23"]

1. e4 e6 2. d4 d5 3. e5 c5 4. Nf3 Nc6 5. Be3 Qb6 6. b3 cxd4 7. Bxd4 Nxd4 8.
Nxd4 Bd7 9. c3 Bc5 10. Qd3 Ne7 11. Nd2 Nc6 12. N2f3 Bxd4 13. cxd4 Nb4 14. Qd2
Rc8 15. Bd3 Nxd3+ 16. Qxd3 Bb5 17. Qd2 O-O 18. Nh4 Rc7 19. f4 Rfc8 20. Qb4 a5
21. Qa3 Qxd4 22. Rb1 Qe3+ 23. Kd1 Qe2# 0-1

[Event "10. OSIJEK OPEN"]
[Site "Osijek"]
[Date "2017.02.23"]
[Round "1.5"]
[White "Grandic, Zvjezdan"]
[Black "Biljcevic, Miodrag"]
[Result "1-0"]
[WhiteElo "2201"]
[BlackElo "1780"]
[PlyCount "93"]
[EventDate "2017.02.23"]

1. e4 c5 2. Nf3 d6 3. d4 cxd4 4. Nxd4 Nf6 5. Nc3 g6 6. Be3 Bg7 7. Qd2 h6 8. f3
Nc6 9. O-O-O Bd7 10. g4 Qa5 11. h4 h5 12. Nb3 Qd8 13. g5 Nh7 14. Be2 a5 15. a4
Nb4 16. Bd4 Bxd4 17. Qxd4 O-O 18. f4 Rc8 19. f5 Nc6 20. Qd5 Nb4 21. Qd4 Nc6 22.
Qe3 Ne5 23. Rd2 Re8 24. Rf1 Nf8 25. Nd5 Kh8 26. f6 e6 27. Ne7 Nc4 28. Bxc4 Rxc4
29. Rd4 Qc7 30. Qd3 Rxd4 31. Qxd4 e5 32. Qd5 Be6 33. Qxa5 b6 34. Qb5 Bd7 35.
Qb4 Ne6 36. Nd5 Qc6 37. Nxb6 Nc5 38. Nxc5 dxc5 39. Qb5 Qxb5 40. axb5 Bxb5 41.
Rd1 Bc6 42. Nc4 Kg8 43. Nd6 Rd8 44. b3 Kf8 45. Rd3 Ra8 46. Kb2 Rb8 47. Kc3 1-0

[Event "10. OSIJEK OPEN"]
[Site "Osijek"]
[Date "2017.02.23"]
[Round "1.7"]
[White "Ascic, Anto"]
[Black "Rendulic, Dragan"]
[Result "1/2-1/2"]
[WhiteElo "2134"]
[BlackElo "1742"]
[PlyCount "99"]
[EventDate "2017.02.23"]

1. d4 Nf6 2. Nf3 g6 3. c4 d5 4. cxd5 Nxd5 5. e4 Nb6 6. Nc3 Bg7 7. Be2 O-O 8.
O-O Bg4 9. Be3 a6 10. a4 Nc6 11. a5 Bxf3 12. gxf3 Nc8 13. e5 e6 14. f4 N8e7 15.
Bf3 Nf5 16. Bxc6 bxc6 17. Qa4 Ne7 18. Qc4 Qd7 19. Rfc1 Rfb8 20. Rab1 Bf8 21.
Ne4 Nd5 22. Qxd5 Qxd5 23. Nf6+ Kg7 24. Nxd5 cxd5 25. Rxc7 Bb4 26. Ra1 Rb5 27.
Ra4 Bxa5 28. Rc6 Bb6 29. b4 Ra7 30. Kf1 Rc7 31. Rxc7 Bxc7 32. Bd2 Rb6 33. Ke2
Rc6 34. Kd3 Bd8 35. Ra1 Kf8 36. f5 exf5 37. h4 Bxh4 38. Ra5 Bxf2 39. Bh6+ Ke8
40. Rxd5 Bh4 41. Rc5 Rb6 42. d5 Rxb4 43. Rc6 Rb5 44. Kc4 Ra5 45. Rc7 f4 46. Ra7
f3 47. Ra8+ Kd7 48. Ra7+ Ke8 49. Ra8+ Kd7 50. Ra7+ 1/2-1/2

[Event "10. OSIJEK OPEN"]
[Site "Osijek"]
[Date "2017.02.23"]
[Round "1.8"]
[White "Kajic, Josip"]
[Black "Cajzler, Hinko"]
[Result "0-1"]
[WhiteElo "1733"]
[BlackElo "2086"]
[PlyCount "114"]
[EventDate "2017.02.23"]

1. d4 f5 2. Nf3 Nf6 3. g3 g6 4. Bg2 Bg7 5. c3 d6 6. O-O c6 7. Nbd2 O-O 8. Re1
Ne4 9. Qb3+ e6 10. Qc2 d5 11. Ne5 Nd7 12. f4 Nxe5 13. fxe5 c5 14. e3 b6 15.
Bxe4 fxe4 16. c4 cxd4 17. exd4 Ba6 18. Qa4 Bb7 19. cxd5 exd5 20. Qb3 Kh8 21.
Nf1 Qd7 22. Ne3 Rf3 23. Rf1 Raf8 24. Bd2 Qh3 25. Rxf3 Rxf3 26. Qb5 Qe6 27. Rf1
g5 28. Rxf3 exf3 29. g4 h5 30. h3 hxg4 31. hxg4 Qh6 32. Qe8+ Kh7 33. Qh5 Qxh5
34. gxh5 Bc8 35. Nxd5 Kh6 36. Nc7 Kxh5 37. Be3 g4 38. Kf2 Kg6 39. e6 Bf6 40. d5
Bh4+ 41. Kf1 Kf5 42. Kg1 g3 43. Bh6 Be7 44. Nb5 Ba6 45. a4 Bxb5 46. axb5 Ke5
47. b3 Kxd5 48. Bf4 g2 49. Be3 Kxe6 50. Kf2 Bc5 51. Kxf3 Bxe3 52. Kxg2 Kd5 53.
Kf3 Bh6 54. Ke2 Kc5 55. Kd3 Kb4 56. Kc2 Bg7 57. Kb1 Kxb3 0-1

[Event "10. OSIJEK OPEN"]
[Site "Osijek"]
[Date "2017.02.23"]
[Round "1.9"]
[White "Boban, Sten"]
[Black "Dzaferovic, Emir"]
[Result "0-1"]
[WhiteElo "2082"]
[BlackElo "1733"]
[PlyCount "84"]
[EventDate "2017.02.23"]

1. e4 e5 2. b3 Nf6 3. d3 d5 4. exd5 Nxd5 5. Bb2 Nc6 6. Be2 Nd4 7. Nf3 Nf4 8.
Nxd4 Nxg2+ 9. Kf1 Bh3 10. Kg1 exd4 11. Bc1 Ne3 12. fxe3 Qg5+ 13. Bg4 dxe3 14.
Qf3 Qxg4+ 15. Qxg4 Bxg4 16. Kg2 e2 17. h3 Bh5 18. Be3 Be7 19. Nd2 Bf6 20. d4
O-O-O 21. c3 Rhe8 22. Bf4 Bh4 23. Rae1 Re6 24. Kh2 Bxe1 25. Rxe1 Rd5 26. Nc4
Rf5 27. Bg3 b5 28. Ne5 Rf1 29. Kg2 Rxe1 30. Bxe1 Ra6 31. Nd3 Rxa2 32. Nf4 Bg6
33. Kf3 Bc2 34. b4 g5 35. Nd5 f5 36. Nf6 Kd8 37. Kxe2 f4 38. Kf3 c6 39. h4 Bd1+
40. Ke4 Re2+ 41. Kf5 Rxe1 42. hxg5 f3 0-1

[Event "10. OSIJEK OPEN"]
[Site "Osijek"]
[Date "2017.02.23"]
[Round "1.10"]
[White "Maroslavac, Ivana"]
[Black "Kovacevic, Srecko"]
[Result "1/2-1/2"]
[WhiteElo "1731"]
[BlackElo "2070"]
[PlyCount "106"]
[EventDate "2017.02.23"]

1. e4 c6 2. d4 d5 3. Nc3 dxe4 4. Nxe4 Nf6 5. Ng3 Nbd7 6. Nf3 e6 7. Bd3 Bd6 8.
Ne4 Nxe4 9. Bxe4 Qc7 10. c3 Nf6 11. Bc2 b6 12. Qe2 Bb7 13. Bd2 O-O-O 14. O-O-O
Rhe8 15. h3 Nd5 16. g3 h6 17. Rhe1 c5 18. dxc5 Bxc5 19. Ne5 Kb8 20. f4 Rc8 21.
Nc4 b5 22. Ne3 Bxe3 23. Bxe3 b4 24. Bd4 f6 25. c4 Qxc4 26. Qxc4 Rxc4 27. Kb1
Rc7 28. Bb3 Ree7 29. Rc1 Rxc1+ 30. Kxc1 a5 31. Kd2 Bc8 32. Rc1 Rc7 33. Rxc7
Kxc7 34. a3 Kd6 35. Bxd5 Kxd5 36. Bb6 bxa3 37. bxa3 Ke4 38. Ke2 a4 39. h4 Ba6+
40. Kf2 Kf5 41. Bc5 g5 42. hxg5 hxg5 43. fxg5 Kxg5 44. Be3+ Kf5 45. Bc5 Ke4 46.
Ba7 e5 47. Bb6 Kd3 48. Bd8 f5 49. Bc7 Kd4 50. Bb6+ Kc4 51. Bc7 Kb3 52. Bd6 Bc4
53. Ke3 f4+ 1/2-1/2

[Event "10. OSIJEK OPEN"]
[Site "Osijek"]
[Date "2017.02.23"]
[Round "1.11"]
[White "Klem, Davor"]
[Black "Pralija, Marin"]
[Result "1-0"]
[WhiteElo "2058"]
[BlackElo "1724"]
[PlyCount "45"]
[EventDate "2017.02.23"]

1. e4 c5 2. d4 cxd4 3. c3 dxc3 4. Nxc3 Nc6 5. Nf3 a6 6. Bc4 e6 7. O-O b5 8. Bb3
d6 9. Bf4 Nf6 10. Qe2 Bb7 11. Rad1 Na5 12. Bc2 Be7 13. e5 Nd5 14. Nxd5 Bxd5 15.
Rxd5 exd5 16. exd6 Nc6 17. dxe7 Qc8 18. Rc1 Qd7 19. Re1 Ra7 20. Ne5 Nxe5 21.
Qxe5 f6 22. Qb8+ Kf7 23. Qxh8 1-0

[Event "10. OSIJEK OPEN"]
[Site "Osijek"]
[Date "2017.02.23"]
[Round "1.12"]
[White "Ascic, Matos"]
[Black "Kejzar, Petra"]
[Result "0-1"]
[WhiteElo "1713"]
[BlackElo "2044"]
[PlyCount "74"]
[EventDate "2017.02.23"]

1. d4 Nf6 2. Nf3 d5 3. c4 c6 4. g3 g6 5. Bg2 Bg7 6. O-O O-O 7. cxd5 cxd5 8. Bf4
Nc6 9. Ne5 Qb6 10. Nxc6 bxc6 11. Bc1 Nd7 12. e3 e5 13. dxe5 Nxe5 14. Qb3 Ba6
15. Rd1 Be2 16. Qxb6 axb6 17. Rd2 Nf3+ 18. Bxf3 Bxf3 19. Nc3 d4 20. exd4 Rfe8
21. Kf1 Rad8 22. Rd3 Bg4 23. Be3 Be6 24. Kg2 c5 25. Rad1 Bg4 26. dxc5 Bxd1 27.
Rxd1 Bxc3 28. Rxd8 Rxd8 29. bxc3 b5 30. Kf3 Kf8 31. Ke4 Ke7 32. Ke5 f6+ 33. Ke4
Ke6 34. Bd4 Ra8 35. g4 Rxa2 36. f4 f5+ 37. Kf3 Rxh2 0-1

[Event "10. OSIJEK OPEN"]
[Site "Osijek"]
[Date "2017.02.23"]
[Round "1.13"]
[White "Lovric, Petar"]
[Black "Vukajlovic, Zorana"]
[Result "1-0"]
[WhiteElo "2035"]
[BlackElo "1709"]
[PlyCount "99"]
[EventDate "2017.02.23"]

1. d4 d5 2. c4 e6 3. Nf3 Nf6 4. g3 Be7 5. Bg2 Nbd7 6. Nbd2 O-O 7. O-O c6 8. b3
Qc7 9. Bb2 Re8 10. Rc1 h6 11. Qc2 b6 12. cxd5 Nxd5 13. a3 Bb7 14. Ne5 Rac8 15.
b4 Bf6 16. e4 Bxe5 17. exd5 cxd5 18. Qd3 Qb8 19. dxe5 Nxe5 20. Qd4 f6 21. b5
Rxc1 22. Rxc1 Rc8 23. Rxc8+ Qxc8 24. Qc3 Qd7 25. a4 a6 26. Qb3 axb5 27. axb5
Kf7 28. f4 Nc4 29. Nf3 Nxb2 30. Qxb2 Qc7 31. h3 Qc5+ 32. Kh2 Bc8 33. Qe2 Bd7
34. Bf1 Be8 35. Qb2 Ke7 36. Nd4 Bd7 37. h4 e5 38. fxe5 fxe5 39. Nc6+ Bxc6 40.
Qxe5+ Kf8 41. bxc6 Qxc6 42. Bg2 b5 43. Bxd5 Qd7 44. Bg2 Kf7 45. Qc5 Kg8 46. Qb4
Qf5 47. Qd6 Kh8 48. Qe7 Qf2 49. Qe8+ Kh7 50. Qxb5 1-0

[Event "10. OSIJEK OPEN"]
[Site "Osijek"]
[Date "2017.02.23"]
[Round "1.14"]
[White "Perci, Franjo"]
[Black "Cenkovcan, Andrija"]
[Result "0-1"]
[WhiteElo "1700"]
[BlackElo "2030"]
[PlyCount "190"]
[EventDate "2017.02.23"]

1. e4 e6 2. Nc3 d5 3. exd5 exd5 4. d4 Nc6 5. Nf3 Bg4 6. Be2 Bb4 7. O-O Nge7 8.
h3 Bh5 9. a3 Bd6 10. Bg5 f6 11. Be3 Qd7 12. Nb5 O-O-O 13. Qd2 g5 14. Ne5 Qe8
15. Bxh5 Qxh5 16. Nxd6+ Rxd6 17. Nxc6 Rxc6 18. c3 Qg6 19. Rae1 Nf5 20. Qc2 Rb6
21. Bc1 Kd8 22. Re2 Rc6 23. Be3 g4 24. hxg4 Qxg4 25. f3 Qg6 26. Bf2 Rg8 27. g3
Nxg3 28. Bxg3 Qxg3+ 29. Rg2 Qxg2+ 30. Qxg2 Rxg2+ 31. Kxg2 Re6 32. Kf2 Kd7 33.
Rh1 Re7 34. f4 Ke6 35. Kf3 c6 36. Re1+ Kf7 37. Rxe7+ Kxe7 38. f5 b6 39. Kg4 Kf7
40. Kh5 a5 41. a4 b5 42. b3 Ke7 43. Kh6 b4 44. cxb4 axb4 45. a5 Kd7 46. Kg7 h5
47. Kxf6 h4 48. Kg7 h3 49. f6 h2 50. f7 h1=Q 51. f8=Q Qg1+ 52. Kh7 Qxd4 53.
Qf7+ Kc8 54. Qe8+ Kb7 55. Qd7+ Ka6 56. Qxc6+ Kxa5 57. Qa8+ Kb6 58. Qd8+ Kc6 59.
Qe8+ Kd6 60. Qb8+ Ke6 61. Qe8+ Kf5 62. Qg6+ Kf4 63. Qd6+ Ke3 64. Kg6 Kd3 65.
Qc6 Ke4 66. Kf7 Qc3 67. Qg6+ Kd4 68. Qf6+ Kd3 69. Qf5+ Kd2 70. Qxd5+ Kc2 71.
Ke7 Qe3+ 72. Kf6 Qxb3 73. Qe4+ Kb2 74. Ke5 Qc3+ 75. Kd6 b3 76. Qe2+ Kb1 77.
Qe4+ Qc2 78. Qe1+ Kb2 79. Qe5+ Kc1 80. Qa1+ Kd2 81. Qa5+ Qc3 82. Qg5+ Kc2 83.
Ke7 b2 84. Qf5+ Kb3 85. Qd5+ Qc4 86. Qf3+ Ka2 87. Qa8+ Kb3 88. Qf3+ Qc3 89.
Qd5+ Kc2 90. Qe4+ Kd2 91. Qg2+ Ke1 92. Qe4+ Kd1 93. Qh1+ Kc2 94. Qe4+ Qd3 95.
Qc6+ Kd2 0-1

[Event "10. OSIJEK OPEN"]
[Site "Osijek"]
[Date "2017.02.23"]
[Round "1.15"]
[White "Grguric, Damir"]
[Black "Nemet, Tomica"]
[Result "1-0"]
[WhiteElo "2001"]
[BlackElo "1659"]
[PlyCount "71"]
[EventDate "2017.02.23"]

1. d4 Nf6 2. Nf3 e6 3. c4 c5 4. Nc3 cxd4 5. Nxd4 Nc6 6. e3 a6 7. Be2 Be7 8. O-O
O-O 9. b3 d6 10. Bb2 Nxd4 11. Qxd4 e5 12. Qd2 Ne8 13. Nd5 Be6 14. Nxe7+ Qxe7
15. Bf3 Nf6 16. Rfd1 Rfd8 17. e4 Rd7 18. Ba3 Rad8 19. Qb4 Ne8 20. Rd2 Qg5 21.
Rad1 Bg4 22. Bxg4 Qxg4 23. f3 Qe6 24. Rd5 f5 25. exf5 Qxf5 26. Qd2 Qf8 27. c5
Qf6 28. cxd6 Qe6 29. Qe3 Nxd6 30. Qd3 e4 31. fxe4 Nxe4 32. Rxd7 Rxd7 33. Qxd7
Qb6+ 34. Qd4 Qc6 35. Qd5+ Qxd5 36. Rxd5 1-0

[Event "10. OSIJEK OPEN"]
[Site "Osijek"]
[Date "2017.02.23"]
[Round "1.17"]
[White "Oreskovic, Pero"]
[Black "Trepsic, Zvonimir"]
[Result "1-0"]
[WhiteElo "1975"]
[BlackElo "1657"]
[PlyCount "128"]
[EventDate "2017.02.23"]

1. Nf3 Nf6 2. g3 b6 3. Bg2 Bb7 4. O-O e6 5. d3 Be7 6. c4 c5 7. Nc3 d6 8. e4
Nbd7 9. Ng5 O-O 10. f4 Qc7 11. Be3 a6 12. h3 h6 13. Nf3 Rfd8 14. Kh2 d5 15.
cxd5 exd5 16. e5 d4 17. exf6 Nxf6 18. Bd2 dxc3 19. Bxc3 Nd5 20. Bd2 Bf6 21. Qc2
Qd6 22. a3 Ne7 23. Ne1 Bxg2 24. Kxg2 Nf5 25. Rb1 Qd5+ 26. Kh2 Rac8 27. Rf2 c4
28. Qa4 Bd4 29. Rg2 Rd6 30. dxc4 Rxc4 31. Qb3 Bc5 32. Nf3 a5 33. Ne5 Rd4 34.
Qxd5 R6xd5 35. Bc3 Rd1 36. Rxd1 Rxd1 37. Re2 f6 38. Ng4 Rd3 39. Rg2 Nd4 40. h4
Nf3+ 41. Kh3 Bxa3 42. Bxf6 Bc5 43. Ne5 Nxe5 44. Bxe5 Kf7 45. h5 Bd4 46. Bxd4
Rxd4 47. Rc2 Rb4 48. Kg4 Rb5 49. Rc7+ Kf6 50. Rc6+ Kf7 51. Rc2 Rc5 52. Rxc5
bxc5 53. Kf5 Ke7 54. Ke5 Kd7 55. Kd5 c4 56. Kxc4 Ke6 57. Kb5 Kf5 58. Kxa5 Kg4
59. b4 Kxg3 60. b5 Kxf4 61. b6 Kg5 62. b7 Kxh5 63. b8=Q g5 64. Qh2+ Kg4 1-0

[Event "10. OSIJEK OPEN"]
[Site "Osijek"]
[Date "2017.02.23"]
[Round "1.18"]
[White "Krnic, Matija"]
[Black "Imsirovic, Alen"]
[Result "0-1"]
[WhiteElo "1657"]
[BlackElo "1971"]
[PlyCount "62"]
[EventDate "2017.02.23"]

1. e4 e5 2. Nf3 Nc6 3. Bc4 Bc5 4. O-O Nf6 5. d3 d6 6. h3 Be6 7. Bg5 h6 8. Bxe6
fxe6 9. Be3 Bb6 10. Nc3 O-O 11. Ne2 Nh5 12. d4 Rxf3 13. gxf3 Qh4 14. Kh2 exd4
15. Bd2 Rf8 16. f4 e5 17. f5 Qxe4 18. Ng3 Nxg3 19. fxg3 Rxf5 20. Rxf5 Qxf5 21.
Qe2 Qxc2 22. Rd1 Ba5 23. Qg4 Bxd2 24. Kh1 Bg5 25. Rf1 Qc4 26. Qf5 Be7 27. b3
Qd5+ 28. Kh2 d3 29. Qg6 d2 30. Qe8+ Kh7 31. Rf7 d1=Q 0-1

[Event "10. OSIJEK OPEN"]
[Site "Osijek"]
[Date "2017.02.23"]
[Round "1.19"]
[White "Mravunac, Branko"]
[Black "Dragicevic, Ivica"]
[Result "1-0"]
[WhiteElo "1970"]
[BlackElo "1655"]
[PlyCount "85"]
[EventDate "2017.02.23"]

1. e4 c5 2. f4 d6 3. Bc4 e6 4. Nf3 Nc6 5. c3 Bd7 6. O-O Qc7 7. Na3 a6 8. Nc2
Nf6 9. Re1 Be7 10. e5 dxe5 11. Nxe5 O-O 12. Nxd7 Qxd7 13. Ne3 Rad8 14. Qf3 b5
15. Bb3 c4 16. Bc2 Bc5 17. Kh1 Ne7 18. Ng4 Ned5 19. Ne5 Qc7 20. d4 cxd3 21.
Nxd3 Bd6 22. Ne5 Ne7 23. Ng4 Ned5 24. Nxf6+ Nxf6 25. g3 Rc8 26. f5 e5 27. Bg5
Qc6 28. Qxc6 Rxc6 29. Bxf6 gxf6 30. Bb3 Rc7 31. Re4 Rd7 32. Rg4+ Kh8 33. a4 Re7
34. axb5 axb5 35. Bd5 Rb8 36. Ra6 e4 37. Rxe4 Be5 38. b3 Rc7 39. c4 bxc4 40.
bxc4 Rb1+ 41. Kg2 Rb2+ 42. Kh3 Rb8 43. Rg4 1-0

[Event "10. OSIJEK OPEN"]
[Site "Osijek"]
[Date "2017.02.23"]
[Round "1.20"]
[White "Mandaric, Fran"]
[Black "Djuric, Milan"]
[Result "1/2-1/2"]
[WhiteElo "1643"]
[BlackElo "1940"]
[PlyCount "88"]
[EventDate "2017.02.23"]

1. e4 Nf6 2. Nc3 d6 3. d4 g6 4. Nf3 Bg7 5. Bc4 O-O 6. h3 c6 7. Bg5 h6 8. Bxf6
exf6 9. O-O Re8 10. Re1 Qc7 11. Qe2 d5 12. Bb3 Nd7 13. Nh4 Nf8 14. Qd3 dxe4 15.
Nxe4 Be6 16. c4 Rad8 17. Nc5 Bc8 18. Re3 b6 19. Ne4 f5 20. Nc3 Ne6 21. d5 Nc5
22. Qe2 Rxe3 23. Qxe3 Bxc3 24. bxc3 cxd5 25. cxd5 Nxb3 26. axb3 Rxd5 27. c4 Re5
28. Qxh6 Re4 29. Nf3 Be6 30. Ng5 Re2 31. Kf1 Re5 32. Qh7+ Kf8 33. Qh8+ Ke7 34.
Rxa7 Re1+ 35. Kxe1 Qxa7 36. Nxe6 Qa5+ 37. Kf1 Kxe6 38. Qe8+ Kf6 39. Qd8+ Kg7
40. Qd4+ Kf8 41. Qb2 Qc5 42. Qc3 Qd6 43. b4 Qd1+ 44. Qe1 Qd3+ 1/2-1/2

[Event "10. OSIJEK OPEN"]
[Site "Osijek"]
[Date "2017.02.23"]
[Round "1.21"]
[White "Oberman, Hotimir"]
[Black "Jakovljevic, Tadija"]
[Result "1-0"]
[WhiteElo "1918"]
[BlackElo "1643"]
[PlyCount "97"]
[EventDate "2017.02.23"]

1. e4 e5 2. Nf3 d5 3. exd5 e4 4. Qe2 Nf6 5. Nc3 Bf5 6. Nh4 Qd7 7. Nxf5 Qxf5 8.
Qb5+ Nbd7 9. d6 Qe6 10. dxc7 Bc5 11. Be2 O-O 12. O-O Bb6 13. Bc4 Qg4 14. Nd5 a6
15. Nxf6+ gxf6 16. Qd5 Rac8 17. h3 Qg6 18. Qxd7 Rxc7 19. Bxf7+ Rxf7 20. Qe8+
Kg7 21. Qa4 Rc5 22. d4 Rh5 23. Qb3 f5 24. Qg3 Bxd4 25. Qxg6+ hxg6 26. c3 Ba7
27. Be3 Bb8 28. Rad1 Kf6 29. Rd5 f4 30. Bd4+ Ke6 31. Rxh5 gxh5 32. Re1 Kd5 33.
b3 b5 34. Rd1 Kc6 35. Ra1 a5 36. a4 Bc7 37. axb5+ Kxb5 38. Re1 Re7 39. Kf1 Re6
40. Ra1 Ra6 41. Ra4 Re6 42. Ke2 Rg6 43. Rc4 Bd6 44. Kf1 Re6 45. Rc8 a4 46.
bxa4+ Kxa4 47. Rc6 Kb3 48. Bc5 Kc4 49. Rxd6 1-0

[Event "10. OSIJEK OPEN"]
[Site "Osijek"]
[Date "2017.02.23"]
[Round "1.22"]
[White "Franc, Borna"]
[Black "Vurdelja, Slavko"]
[Result "0-1"]
[WhiteElo "1619"]
[BlackElo "1914"]
[PlyCount "112"]
[EventDate "2017.02.23"]

1. e4 d6 2. d4 g6 3. Nf3 Bg7 4. Bc4 Nf6 5. Nc3 c6 6. O-O b5 7. Bd3 b4 8. Ne2
O-O 9. Bd2 c5 10. dxc5 dxc5 11. e5 Nd5 12. Be4 Bb7 13. Nf4 e6 14. a3 a5 15. Re1
Na6 16. Qe2 Qc7 17. Rad1 Rfd8 18. Ng5 Nxf4 19. Bxf4 h6 20. Nf3 Bxe4 21. Qxe4
Rac8 22. Qe2 Nb8 23. c3 bxc3 24. bxc3 Nc6 25. Qe3 Ne7 26. g4 Nd5 27. Qc1 g5 28.
Bg3 Qb7 29. Qc2 Nf4 30. Rxd8+ Rxd8 31. Re3 Qd5 32. c4 Qd1+ 33. Qxd1 Rxd1+ 34.
Ne1 Ng6 35. Kf1 Rc1 36. Re4 Rc3 37. Ke2 Rxa3 38. Nd3 Bf8 39. f3 Ra2+ 40. Ke3 a4
41. f4 gxf4+ 42. Nxf4 Nxf4 43. Rxf4 a3 44. Rf1 Rb2 45. Ra1 Rb3+ 46. Kd2 Kh7 47.
Kc2 Re3 48. Bf4 Rf3 49. Bg3 Kg6 50. Re1 Be7 51. Kb1 Bd8 52. Ka2 Ba5 53. Re4 Bb4
54. Rf4 Re3 55. Rf6+ Kg7 56. Bf4 Re2+ 0-1

[Event "10. OSIJEK OPEN"]
[Site "Osijek"]
[Date "2017.02.23"]
[Round "1.24"]
[White "Borzan, Matej"]
[Black "Brkic, Valent"]
[Result "0-1"]
[WhiteElo "1556"]
[BlackElo "1911"]
[PlyCount "62"]
[EventDate "2017.02.23"]

1. d4 Nf6 2. c4 e6 3. Nc3 d5 4. a3 Be7 5. Bf4 c6 6. e3 O-O 7. Nf3 Nbd7 8. Bd3
a6 9. O-O dxc4 10. Bxc4 b5 11. Bd3 c5 12. b3 Qa5 13. Ne4 Qb6 14. Rc1 Bb7 15.
Qc2 cxd4 16. exd4 Rac8 17. Nxf6+ Nxf6 18. Qb2 Rfd8 19. Be2 Nd5 20. Bg3 a5 21.
Nd2 Bf6 22. Nf3 b4 23. axb4 axb4 24. Bc4 Nc3 25. Be5 Bxe5 26. dxe5 Bxf3 27.
gxf3 Qd4 28. Rfe1 Qf4 29. Re3 Rd1+ 30. Bf1 Rxc1 31. Qd2 Qg5+ 0-1

[Event "10. OSIJEK OPEN"]
[Site "Osijek"]
[Date "2017.02.23"]
[Round "1.25"]
[White "Macanga, Branko"]
[Black "Rogulja, Marko"]
[Result "0-1"]
[WhiteElo "1900"]
[BlackElo "1468"]
[PlyCount "77"]
[EventDate "2017.02.23"]

1. Nf3 d5 2. c4 dxc4 3. g3 Nf6 4. Bg2 e6 5. O-O Bc5 6. Ne5 O-O 7. Nxc4 Nc6 8.
e3 e5 9. Bxc6 bxc6 10. Nxe5 Bh3 11. Nc3 Bxf1 12. Qxf1 Qd6 13. d4 Rfe8 14. Nc4
Qe7 15. dxc5 Qxc5 16. a3 Qh5 17. Qg2 Rad8 18. Bd2 Qc5 19. Qf1 Ng4 20. b4 Qh5
21. h4 Ne5 22. Nxe5 Rxe5 23. Be1 Rf5 24. Qe2 Qxe2 25. Nxe2 Rfd5 26. Nd4 c5 27.
bxc5 Rxc5 28. Bb4 Rcd5 29. Nc6 Rd1+ 30. Rxd1 Rxd1+ 31. Kg2 a6 32. Ne7+ Kh8 33.
Nd5 Rxd5 34. Kf3 c5 35. Ba5 Rd3 36. Bb6 c4 37. Bc5 c3 38. Bd4 Rxd4 39. exd4 0-1

[Event "10. OSIJEK OPEN"]
[Site "Osijek"]
[Date "2017.02.23"]
[Round "1.26"]
[White "Juric, Ester"]
[Black "Lucan, Darko"]
[Result "0-1"]
[WhiteElo "1455"]
[BlackElo "1900"]
[PlyCount "64"]
[EventDate "2017.02.23"]

1. d4 Nf6 2. c4 c6 3. Nc3 d5 4. e3 g6 5. Nf3 Bg7 6. Be2 O-O 7. b3 c5 8. Rb1
cxd4 9. exd4 Bf5 10. Bd3 Qa5 11. Qc2 Ne4 12. Bb2 Nc6 13. a3 dxc4 14. Bxe4 cxb3
15. Qd3 Bxe4 16. Qxe4 Rad8 17. Rd1 e5 18. O-O f5 19. Qd3 Kh8 20. Qb5 exd4 21.
Qxa5 Nxa5 22. Ng5 dxc3 23. Nf7+ Kg8 24. Nxd8 cxb2 25. Ne6 Rc8 26. Rfe1 Bf6 27.
Nf4 Bg5 28. Ne6 Bc1 29. Rd8+ Rxd8 30. Nxd8 b1=Q 31. Re8+ Kg7 32. Re7+ Kf8 0-1

[Event "10. OSIJEK OPEN"]
[Site "Osijek"]
[Date "2017.02.23"]
[Round "1.27"]
[White "Benes, Miodrag"]
[Black "Kovac, Petar"]
[Result "1-0"]
[WhiteElo "1892"]
[BlackElo "1409"]
[PlyCount "65"]
[EventDate "2017.02.23"]

1. d4 d5 2. c4 e6 3. Nc3 Nf6 4. Nf3 Be7 5. Bg5 Nbd7 6. e3 O-O 7. Bd3 c6 8. O-O
b6 9. Rc1 Bb7 10. Qe2 Rc8 11. Rfd1 c5 12. h3 dxc4 13. Bxc4 Ne4 14. Bf4 Ndf6 15.
dxc5 Bd5 16. Nxe4 Nxe4 17. Bxd5 exd5 18. cxb6 Rxc1 19. Rxc1 Qxb6 20. Ne5 Rd8
21. Nc6 Re8 22. Nxe7+ Kf8 23. Nxd5 Qa5 24. Qc4 Qd2 25. Qb4+ Qxb4 26. Nxb4 Rd8
27. f3 Nd6 28. Rd1 Nb7 29. Rxd8+ Nxd8 30. Bc7 Ne6 31. Bb8 a5 32. Nc6 a4 33. Kf2
1-0

[Event "10. OSIJEK OPEN"]
[Site "Osijek"]
[Date "2017.02.23"]
[Round "1.28"]
[White "Medved, Dorian"]
[Black "Lovakovic, Franjo"]
[Result "0-1"]
[WhiteElo "1356"]
[BlackElo "1877"]
[PlyCount "94"]
[EventDate "2017.02.23"]

1. e4 c5 2. Nf3 d6 3. Nc3 a6 4. d3 Nc6 5. Be2 g6 6. Be3 Bg7 7. Qd2 b5 8. Rb1
Qa5 9. a3 Nf6 10. O-O O-O 11. d4 b4 12. axb4 cxb4 13. Nd1 Nxe4 14. Qd3 Nf6 15.
Qb3 Be6 16. Bc4 d5 17. Be2 Qc7 18. c3 a5 19. cxb4 Nxb4 20. Rc1 Qb7 21. Bf4 a4
22. Qa3 Rfc8 23. Nc3 Bd7 24. Ne5 Be8 25. Ng4 Nxg4 26. Bxg4 f5 27. Bf3 Bxd4 28.
Rfd1 Bxc3 29. bxc3 Nc6 30. Bxd5+ Bf7 31. Rb1 Qa6 32. Bxc6 Qxc6 33. Rbc1 Bb3 34.
Re1 e6 35. Re3 Rd8 36. Bg5 Rd7 37. Rce1 Raa7 38. Qb2 Qb5 39. Rxe6 a3 40. Re8+
Kf7 41. c4 axb2 42. cxb5 Ra1 43. b6 Rxe1+ 44. Rxe1 Rd1 45. Rxd1 Bxd1 46. b7
b1=Q 47. g3 Bf3+ 0-1

[Event "10. OSIJEK OPEN"]
[Site "Osijek"]
[Date "2017.02.23"]
[Round "1.29"]
[White "Dabic, Stjepan"]
[Black "Juric, Matea"]
[Result "1-0"]
[WhiteElo "1867"]
[BlackElo "1312"]
[PlyCount "65"]
[EventDate "2017.02.23"]

1. d4 d5 2. c4 e6 3. cxd5 exd5 4. Nc3 Be6 5. Nf3 c5 6. e3 Nc6 7. Bd3 h6 8. O-O
Nf6 9. h3 Be7 10. Bc2 O-O 11. Ne2 c4 12. Bd2 Bd6 13. a3 Qc7 14. Nc3 a6 15. Nh4
Qe7 16. f4 Nh7 17. Nf3 f5 18. Ne5 Rf6 19. Qf3 Raf8 20. Nxd5 Bxd5 21. Qxd5+ Kh8
22. Qxc4 Bxe5 23. dxe5 Rg6 24. Qe2 Qh4 25. Rf3 Qe7 26. Kh1 Qd7 27. Rd1 Qc8 28.
Bc3 Re8 29. Bd3 Nf8 30. Qc2 Ne7 31. Bb4 Qxc2 32. Bxc2 Ne6 33. Bxe7 1-0